Movies Quiz

Random Movies or Clickable Quiz

Click-n-Match: Movie Taglines II Quiz Stats

 Plays Quiz Updated Nov 29, 2018

Support Sporcle.
Go Orange.
Score 0/30 Timer 07:00
2 Plays Today
% Correct
The Social Network
91.8%
Blades of Glory
85.6%
I Am Legend
84.1%
School of Rock
83.8%
Iron Man
80.7%
The Hunger Games
80.1%
Bad News Bears
78.1%
The Matrix
77.7%
Inception
77.1%
Hot Tub Time Machine
76.8%
Revenge of the Nerds
74.8%
Sister Act
74%
Disturbia
72.7%
Edward Scissorhands
72.1%
Death Race 2000
71.5%
% Correct
Chicken Run
70%
King Kong
69.2%
Uncle Buck
68.4%
Ghost
66.6%
Liar Liar
64.8%
Weekend at Bernie's
63.2%
Wayne's World
57.3%
Rambo
57.2%
Hellboy
54.2%
Despicable Me
51.1%
My Cousin Vinny
49.5%
Tremors
49.4%
Toxic Avenger
47.3%
Stripes
36.2%
Up in Smoke
32%

From the Vault

Magical Movie Dreams

by BigAl1994

Movies 7m
Ah, cinema. The art of our dreams.
Remove Ads.
Support Sporcle.
Get the best of Sporcle when you Go Orange. This ad-free experience offers more features, more stats, and more fun while also helping to support Sporcle. Thank you for becoming a member.

Show Comments

Extras

Top Quizzes Today


Score Distribution

Your Account Isn't Verified!

In order to create a playlist on Sporcle, you need to verify the email address you used during registration. Go to your Sporcle Settings to finish the process.

Report this User

Report this user for behavior that violates our Community Guidelines.

Details: